000 00906cam a22003013a 4500
001 27575
003 PGUSA
005 20140828083609.0
008 081220s2008||||xxu|||||s|||||000 1 eng d
040 _aPGUSA
_beng
042 _adc
050 4 _aPQ
100 1 _aFlaubert, Gustave,
_d1821-1880
245 1 0 _aMadame Bovary :
_bA Tale of Provincial Life, Vol. 1 (of 2)
_h[electronic resource] /
_cGustave Flaubert
260 _bProject Gutenberg,
_c2008
506 _aPublic domain in the USA.
516 _aElectronic text
653 _aAdultery -- Fiction
653 _aFrance -- Fiction
653 _aMarried women -- Fiction
653 _aMiddle class -- Fiction
653 _aDomestic fiction
653 _aSuicide victims -- Fiction
653 _aPhysicians' spouses -- Fiction
830 0 _aProject Gutenberg
_v27575
856 4 0 _uhttp://www.gutenberg.org/ebooks/27575
942 _cEB
999 _c256830
_d256830